Memorias de la Comisión de Cambios y Monedas (Record no. 7882)

MARC details
000 -CABECERA
campo de control de longitud fija 00823nam a2200229 a 4500
001 - NÚMERO DE CONTROL
campo de control BRCA_8214
005 - FECHA Y HORA DE LA ÚLTIMA TRANSACCIÓN
campo de control 20190320210159.0
008 - DATOS DE LONGITUD FIJA--INFORMACIÓN GENERAL
campo de control de longitud fija 160514s19051909mx-####f##---#000-0#spa-#
041 ## - CÓDIGO DE LENGUA
Código de lengua del texto/banda sonora o título independiente spa
044 ## - CÓDIGO DEL PAÍS DE LA ENTIDAD EDITORA/PRODUCTORA
Código MARC del país mx
050 #4 - SIGNATURA TOPOGRÁFICA DE LA BIBLIOTECA DEL CONGRESO
Número de clasificación HJ256
Número de documento/Ítem .M46
-- 1909
245 10 - MENCIÓN DE TÍTULO
Título Memorias de la Comisión de Cambios y Monedas
Resto del título que comprende el período transcurrido de 1º de mayo de 1905 a 30 de junio de 1909.
260 ## - PUBLICACIÓN, DISTRIBUCIÓN, ETC.
Lugar de publicación, distribución, etc. México
Nombre del editor, distribuidor, etc. Müller
Fecha de publicación, distribución, etc. 1910
300 ## - DESCRIPCIÓN FÍSICA
Extensión 2 v.
Otras características físicas Tablas
Dimensiones 30 cm.
500 ## - NOTA GENERAL
Nota general Dos volúmenes inventariados como un sólo libro por el Banco de México
500 ## - NOTA GENERAL
Nota general U121
505 0# - NOTA DE CONTENIDO CON FORMATO
Nota de contenido con formato Tomo y anexo: que comprende el período transcurrido de 1º de mayo de 1905 a 30 de junio de 1909
650 14 - PUNTO DE ACCESO ADICIONAL DE MATERIA--TÉRMINO DE MATERIA
Término de materia o nombre geográfico como elemento de entrada Finanzas
Subdivisión de forma Memoria
Subdivisión geográfica México
9 (RLIN) 20476
650 14 - PUNTO DE ACCESO ADICIONAL DE MATERIA--TÉRMINO DE MATERIA
Término de materia o nombre geográfico como elemento de entrada Finanzas
Subdivisión cronológica 1905-1909
Subdivisión geográfica México
9 (RLIN) 20477
902 ## - CATALOGADOR
Iniciales GFM
942 ## - ELEMENTOS DE PUNTO DE ACCESO ADICIONAL (KOHA)
Fuente del sistema de clasificación o colocación Library of Congress Classification
Tipo de ítem Koha Libros
Holdings
Estado de retiro Estado de pérdida Estado dañado No para préstamo Localización permanente Ubicación/localización actual Fecha de adquisición Número de inventario Total de préstamos Signatura topográfica completa Código de barras Fecha visto por última vez Precio válido a partir de Tipo de ítem Koha
El ejemplar forma parte de la colección y puede ser consultado según las políticas vigentes.       Biblioteca del Museo Franz Mayer (Rogerio Casas-Alatriste) Biblioteca del Museo Franz Mayer (Rogerio Casas-Alatriste) 16/05/2014 U121   HJ256 .M46 1909 (U121) 8838 22/03/2019 22/03/2019 Libros